| 000 | 00858nam a22002657a 4500 | ||
|---|---|---|---|
| 999 |
_c7357 _d7357 |
||
| 003 | OSt | ||
| 005 | 20211008163028.0 | ||
| 008 | 211008b ||||| |||| 00| 0 eng d | ||
| 020 | _a9781566706186 | ||
| 040 | _cNLM | ||
| 082 | _aQV 600 M312 | ||
| 100 |
_aManahan, Stanley E _915073 |
||
| 245 | _aToxicological chemistry and biochemistry. | ||
| 250 | _aThird edition | ||
| 260 |
_aBoca Raton, Fla. : _b Lewis Pub., _c©2003 |
||
| 300 |
_a425 pages : _b illustrations ; _c 26 cm |
||
| 504 | _aIncludes bibliographical references and index. | ||
| 650 |
_aToxicological chemistry . _915074 |
||
| 650 |
_aChemistry Techniques, Analytical _915075 |
||
| 650 |
_aEnvironmental Pollutants -- analysis _915076 |
||
| 650 |
_aToxicology _99469 |
||
| 650 |
_aEnvironmental chemistry . _94192 |
||
| 650 |
_aBiochemical toxicology. _915077 |
||
| 942 |
_2z _cBOOK |
||